| 000 | 00858nam a22002535i 4500 | ||
|---|---|---|---|
| 001 | 169214 | ||
| 003 | ES-MaACL | ||
| 005 | 20230906214029.0 | ||
| 008 | 080822s2000 sp |||| | spa d | ||
| 017 | _aB-49.081-2000 | ||
| 020 | _a84-7664-709-3 | ||
| 080 | _a903(460.23) | ||
| 245 | 0 | 1 |
_a¡Humanos! _b: los primeros pobladores de Cataluña / _c[coordinación, Museu de la Ciència de la Fundación "la Caixa"]. |
| 250 | _a1ª ed. | ||
| 260 |
_aBarcelona : _bFundación "la Caixa", _c2000. |
||
| 300 |
_a49 p. : _bil. col. ; _c21 x 21 cm. |
||
| 650 | 1 | 4 |
_aHombre prehistórico- _zCataluña- _vExposiciones. _9138293 |
| 655 | 7 |
_2tgfbne _9193628 _aCatálogos de exposiciones |
|
| 710 | 2 |
_aFundació "la Caixa" _9173255 |
|
| 710 | 2 |
_aCosmoCaixa Barcelona. _9138296 |
|
| 852 | 4 |
_aES-MaACL _jL-29554 |
|
| 942 | _2udc | ||
| 999 |
_c169214 _d169214 |
||